000 00869nam a22002177a 4500
005 20240611122540.0
008 220618b ||||| |||| 00| 0 eng d
040 _cAloy
041 _aTulu
082 _223
_aT928
_bKARA
100 _aKarnataka Tulu Sahitya Akademi:
_9170060
100 _9140208
_d ಕರ್ನಾಟಕ ತುಳು ಸಾಹಿತ್ಯ ಅಕಾಡೆಮಿ
245 _aAugust Manner
_bಆಗಸ್ಟ್ ಮೇನರ್
260 _aMangaluru:
_c1995
_bKarnataka Tulu Sahitya Akademi,
300 _a46p.
_bPB
_c21x14cm.
365 _2Biography
440 _aMadappiyeravandi tuluver: ಮದೆಪ್ಪಿಯೆರಾವಂದಿ ತುಳುವೆರ್;1
_943989
650 _aBiography of Rev. August Manner
_943977
700 _aKEKUNNAYA (Padmanabha): ಕೇಕುಣ್ಣಾಯ ಪದ್ಮನಾಭ
_943987
942 _2ddc
_cGF
999 _c223436
_d223436